| 000 | 00503nam a2200145Ia 4500 | ||
|---|---|---|---|
| 008 | 100122s9999 xx 000 0 und d | ||
| 082 |
_b731 _a823 |
||
| 100 | _aभिडे भि गो | ||
| 245 | _aदिव्याखाली अंधेर खंड-1 | ||
| 260 |
_bप्रकाशक शोधणे _c1924 |
||
| 300 | _a55 | ||
| 630 | _aदिव्याखाली अंधेर खंड-1 | ||
| 730 | _aदिव्याखाली अंधेर खंड-1 | ||
| 942 | _cBOOK | ||
| 999 |
_c395900 _d395897 |
||